Que llegue la aurora /
Sin resumen
Bewaard in:
| Hoofdauteur: | |
|---|---|
| Formaat: | Texto |
| Onderwerpen: | |
| Tags: |
Voeg label toe
Geen labels, Wees de eerste die dit record labelt!
|
MARC
| LEADER | 00000 a a2200000 04500 | ||
|---|---|---|---|
| 001 | 13619 | ||
| 003 | |||
| 040 | |||
| 100 | |a Alvarez Hernández, Ana Teresa | ||
| 245 | |a Que llegue la aurora / |c Ana Teresa Alvarez Hernández | ||
| 500 | |a Discurso de recibimiento a Rigoberta Menchú, Premio Nobel de la Paz 1992, en la Universidad de Costa Rica, el 5 de febrero | ||
| 520 | |a Sin resumen | ||
| 650 | |a IDEOLOGIAS | ||
| 650 | |a PAZ | ||
| 650 | |a DERECHOS HUMANOS | ||
| 650 | |a SISTEMAS POLITICOS | ||
| 650 | |a VIOLENCIA | ||
| 650 | |a PROBLEMAS SOCIALES | ||
| 773 | |g número 8; páginas 3-6 | ||
| 999 | |c 26648 |d 26648 | ||
